Mercantile law (Record no. 32467)

MARC details
000 -LEADER
fixed length control field 00255nam a2200109Ia 4500
082 ## - DEWEY DECIMAL CLASSIFICATION NUMBER
Classification number 347.7
Item number GUP
100 ## - MAIN ENTRY--AUTHOR NAME
Personal name GUPTA, O P
245 #0 - TITLE STATEMENT
Title Mercantile law
260 ## - PUBLICATION, DISTRIBUTION, ETC. (IMPRINT)
Place of publication Delhi
Name of publisher Shree Mahavir
Year of publication 1979
942 ## - ADDED ENTRY ELEMENTS (KOHA)
Koha item type Books
Holdings
Withdrawn status Lost status Damaged status Not for loan Home library Current library Date acquired Full call number Accession Number Koha item type
        RRII Library RRII Library 16/12/2021 347.7 GUP 12984 Books